Most Racially Diverse U.S. States - Statistics

General Stats
  • This quiz has been taken 122 times
  • The average score is 10 of 12
Answer Stats
Prevalence of Most Common Race (% of Population) U.S. State Most Common Race % Correct
39.4% California Hispanic
98%
52.47% New York White
97%
39.75% Texas White
95%
51.54% Florida White
93%
47.74% New Mexico Hispanic
89%
53.37% Arizona White
87%
50.06% Georgia White
79%
36.53% Hawaii Asian
77%
45.93% Nevada White
77%
51.85% New Jersey White
75%
55.35% Mississippi White
69%
47.17% Maryland White
61%
No matching quizzes found
Score Distribution
Percent of People with Each Score
Percentile by Number Answered
Your Score History
You have not taken this quiz